KUMPULAN CERPEN : (Record no. 203820)

MARC details
000 -LEADER
fixed length control field 00897nam a2200277 i 4500
005 - DATE AND TIME OF LATEST TRANSACTION
control field 20260413120441.0
008 - FIXED-LENGTH DATA ELEMENTS--GENERAL INFORMATION
fixed length control field 260413t20252025my a gr 000 j may d
020 ## - INTERNATIONAL STANDARD BOOK NUMBER
International Standard Book Number 9786297733340
Terms of availability RM25.00
Qualifying information paperback
040 ## - CATALOGING SOURCE
Original cataloging agency PPAK
Language of cataloging eng
Transcribing agency PPAK
Description conventions rda
082 04 - DEWEY DECIMAL CLASSIFICATION NUMBER
Classification number 899.23301
Edition number 23
090 00 - LOCALLY ASSIGNED LC-TYPE CALL NUMBER (OCLC); LOCAL CALL NUMBER (RLIN)
Classification number (OCLC) (R) ; Classification number, CALL (RLIN) (NR) 899.23301
Feature heading AFR
Feature heading G
100 0# - MAIN ENTRY--PERSONAL NAME
Personal name Afrina Aziz,
Relator term author.
245 10 - TITLE STATEMENT
Title KUMPULAN CERPEN :
Remainder of title NEKAMESTA /
Statement of responsibility, etc. Karya Afrina Aziz ; Penyunting: Zalila Isa
250 ## - EDITION STATEMENT
Edition statement Edisi Malaysia
264 #1 - PRODUCTION, PUBLICATION, DISTRIBUTION, MANUFACTURE, AND COPYRIGHT NOTICE
Place of production, publication, distribution, manufacture Petaling Jaya, Selangor :
Name of producer, publisher, distributor, manufacturer The Biblio Press Enterprise,
Date of production, publication, distribution, manufacture, or copyright notice 2025
Date of production, publication, distribution, manufacture, or copyright notice ©2025
300 ## - PHYSICAL DESCRIPTION
Extent 75 pages :
Other physical details illustrations ;
Dimensions 20 cm
336 ## - CONTENT TYPE
Content type term text
Source rdacontent
337 ## - MEDIA TYPE
Media type term unmediated
Source rdamedia
338 ## - CARRIER TYPE
Carrier type term volume
Source rdacarrier
650 10 - SUBJECT ADDED ENTRY--TOPICAL TERM
Topical term or geographic name entry element Short stories, Malay
Topical term or geographic name entry element Malay fiction
Topical term or geographic name entry element Malaysian Fiction (Malay)
700 0# - ADDED ENTRY--PERSONAL NAME
Personal name Zalila Isa,
Relator term editor.
942 ## - ADDED ENTRY ELEMENTS (KOHA)
Source of classification or shelving scheme Dewey Decimal Classification
Koha item type Book
Holdings
Withdrawn Not for loan Current library Shelving location Date acquired Total Checkouts Full call number Barcode Date last seen Koha item type
    Perpustakaan Alor Setar Pinjaman Dewasa 14/04/2026   899.23301 AFR A01908722 14/04/2026 Book
    Perpustakaan Awam Sungai Petani Pinjaman Dewasa 14/04/2026   899.23301 AFR A01908723 14/04/2026 Book
    Perpustakaan Baling Pinjaman Dewasa 14/04/2026   899.23301 AFR A01908727 14/04/2026 Book
    Perpustakaan Bandar Baharu Pinjaman Dewasa 14/04/2026   899.23301 AFR A01908728 14/04/2026 Book
    Perpustakaan Jitra Pinjaman Dewasa 14/04/2026   899.23301 AFR A01908724 14/04/2026 Book
    Perpustakaan Kuala Nerang Pinjaman Dewasa 14/04/2026   899.23301 AFR A01908732 14/04/2026 Book
    Perpustakaan Kulim Pinjaman Dewasa 14/04/2026   899.23301 AFR A01908726 14/04/2026 Book
    Perpustakaan Langkawi Pinjaman Dewasa 14/04/2026   899.23301 AFR A01908725 14/04/2026 Book
    Perpustakaan Merbok Pinjaman Dewasa 14/04/2026   899.23301 AFR A01908729 14/04/2026 Book
    Perpustakaan Pendang Pinjaman Dewasa 14/04/2026   899.23301 AFR A01908733 14/04/2026 Book
    Perpustakaan Sik Pinjaman Dewasa 14/04/2026   899.23301 AFR A01908731 14/04/2026 Book
    Perpustakaan Yan Pinjaman Dewasa 14/04/2026   899.23301 AFR A01908730 14/04/2026 Book